Normal view
MARC view
- Aamir Javed
Entry Personal Name
001 - CONTROL NUMBER
- control field: 91313
003 - CONTROL NUMBER IDENTIFIER
- control field: NUST
005 - DATE AND TIME OF LATEST TRANSACTION
- control field: 20220509105301.0
008 - FIXED-LENGTH DATA ELEMENTS
- fixed length control field: 220509|| aca||aabn | a|a d
040 ## - CATALOGING SOURCE
- Original cataloging agency: NUST
- Transcribing agency: NUST
100 ## - HEADING--PERSONAL NAME
- Personal name: Aamir Javed
670 ## - SOURCE DATA FOUND
- Source citation: Work cat.: (NUST): Aamir Javed, TH-SOF-0863-Design Of An Automatic Target Classifier For Ground Surveillance Radar, 2013.
